000
00236nam a22001097a 4500
082
_a
621.388 COL'B
100
_a
COLE, H. A
_9
78614
245
_a
BASIC TELEVISION PART-1
260
_a
LONDON
_b
TP
_c
1967
300
_a
1.136P
942
_c
BK
999
_c
583982
_d
583982